000 00351nam a2200145Ia 4500
005 20250318141614.0
008 240331s9999 xx 000 0 und d
082 _bINQ
_a894
100 _aInqulap,
245 0 _aPalaiyil oru suvai
260 _aShivagangai
_bAnam ( Pvt) Ltd.
_c1992
300 _a207 p .,
650 _aTamil Short Stories
942 _cL
999 _c3872
_d3872